LEADER 04761nam 22007213u 450 001 9910141047703321 005 20210114014241.0 010 $a1-119-20000-8 010 $a1-280-76802-9 010 $a9786613678799 010 $a0-470-94727-6 035 $a(CKB)2670000000066748 035 $a(EBL)699208 035 $a(OCoLC)704517628 035 $a(CaSebORM)9780470947296 035 $a(MiAaPQ)EBC699208 035 $a(EXLCZ)992670000000066748 100 $a20130418d2010|||| u|| | 101 0 $aeng 135 $aur|n|---||||| 181 $ctxt$2rdacontent 182 $cc$2rdamedia 183 $acr$2rdacarrier 200 14$aThe Complete Trading Course$b[electronic resource] $eTechnical Analysis, High-Probability Set Ups, and Execution Tactics 205 $a1st edition 210 $aChichester $cWiley$d2010 215 $a1 online resource (308 p.) 225 1 $aWiley Trading ;$vv.469 300 $aDescription based upon print version of record. 311 $a0-470-59459-4 327 $aThe CompleteTrading Course; Contents; Preface; Acknowledgments; PART I Foundational Principles; CHAPTER 1 Supremacy of the Trend; What is a Trend?; Methods for Defining Trends; Pinpointing the Trend Reversal in 2009; CHAPTER 2 Momentum's Leading Edge; The Science of Momentum; Momentum in the Stock Market; Gaps Reveal Momentum; The Momentum Indicator; The Rate of Change Indicator; The 3/10 MACD Oscillator; Where Momentum Is Strongest; CHAPTER 3 Price Alternation Principle; Defining the Principle; Price Contraction Phase; Price Expansion Phase; Viewing the Market as Buyers and Sellers 327 $aFeedback LoopsChoosing the Right Indicators; PART II Strategies and Tools; CHAPTER 4 Candlestick Charting; Benefits of Using Candlestick Charts; Construction of Candlestick Charts; Basic Terms Used to Describe Candlesticks; Common Signals; Three Trading Scenarios; A Little Knowledge Goes a Long Way; CHAPTER 5 Examining Price Patterns; What Are Price Patterns?; Introduction to the Most Popular Patterns; Head and Shoulders; Inverse Head and Shoulders; Bull Flag; Triangles; Using Price Patterns in the Real World; CHAPTER 6 Fibonacci Tools; What Is Fibonacci in Trading?; Fibonacci Retracements 327 $aHow to Identify Fibonacci Retracement Confluence ZonesThe Multiple Uses of Fibonacci Tools; CHAPTER 7 Following the Life Cycle of a Price Move; Three Phases of a Large-Scale Price Move; Visualizing the Stages through Charts; Ralph Elliott's Wave Theory; The Three Rules of Elliott Wave; Elliott Waves Example: Research in Motion; Final Tips for Applying the Life Cycle in Real Time; PART III Execution and Trade Setups; CHAPTER 8 Edge, Expectancy, and Execution; All about Edge; Edging Out Your Expectancy; Trade Execution Tactics; CHAPTER 9 Four Basic Trade Setups; Common Components of Every Trade 327 $aHow to Classify Trade SetupsMean Reversion Strategies; Mean Departure Strategies; Where Trades Fit in the Life Cycle; Trading Confidently; CHAPTER 10 Specific Trade Setups for Today's Markets; The Cradle Trade; The Impulse Buy and Impulse Sell Trade; Using Multiple Timeframes to Enter an Impulse Buy Trade; Concluding Thoughts; About the Author; Bibliography; Index 330 $aA practical guide covering everything the serious trader needs to know While a variety of approaches can be used to analyze financial market behavior and identify potential trading/investing opportunities, no approach is completely accurate. The challenge for traders is to find a method that they feel comfortable with and are able to implement consistently, through the normal ups and downs of trading. The Trading Course provides you with a detailed description of the methods used to analyze markets, spot profitable trading opportunities, and properly execute trades. Page by page, th 410 0$aWiley Trading 606 $aInvestment analysis 606 $aInvestment analysis 606 $aSpeculation 606 $aSpeculation 606 $aStocks 606 $aStocks 606 $aTechnical analysis (Investment analysis) 606 $aTechnical analysis (Investment analysis) 608 $aElectronic books. 615 4$aInvestment analysis. 615 4$aInvestment analysis. 615 4$aSpeculation. 615 4$aSpeculation. 615 4$aStocks. 615 4$aStocks. 615 4$aTechnical analysis (Investment analysis). 615 4$aTechnical analysis (Investment analysis). 676 $a332.6 676 $a332.63/2042 700 $aRosenbloom$b Corey$0326946 801 0$bAU-PeEL 801 1$bAU-PeEL 801 2$bAU-PeEL 906 $aBOOK 912 $a9910141047703321 996 $aThe Complete Trading Course$91993801 997 $aUNINA LEADER 02065nas 2200613-a 450 001 996362449703316 005 20240114213020.0 011 $a2008-2207 035 $a(DE-599)ZDB2388233-5 035 $a(OCoLC)780383229 035 $a(CKB)2670000000120773 035 $a(CONSER)--2012238703 035 $a(EXLCZ)992670000000120773 100 $a20111109a20089999 s-- - 101 0 $aeng 135 $aur||||||||||| 181 $ctxt$2rdacontent 182 $cc$2rdamedia 183 $acr$2rdacarrier 200 00$aInternational journal of hematology-oncology and stem cell research 210 $aTehran $cTehran University of Medical Sciences, Hematology- oncology and Stem Cell Transplantation Research Center 300 $aRefereed/Peer-reviewed 311 $a2008-3009 517 1 $aIJHOSCR 531 $aINT J HEMATOL ONCOL STEM CELL RES 606 $aHematological oncology$vPeriodicals 606 $aHematology$vPeriodicals 606 $aOncology$vPeriodicals 606 $aStem cells$xResearch$vPeriodicals 606 $aStem Cell Transplantation 606 $aNeoplasms 606 $aHematology 606 $aHematological oncology$2fast$3(OCoLC)fst00954902 606 $aHematology$2fast$3(OCoLC)fst00954904 606 $aOncology$2fast$3(OCoLC)fst01045739 606 $aStem cells$xResearch$2fast$3(OCoLC)fst01132977 608 $aPeriodical. 608 $aPeriodicals.$2fast 615 0$aHematological oncology 615 0$aHematology 615 0$aOncology 615 0$aStem cells$xResearch 615 12$aStem Cell Transplantation. 615 22$aNeoplasms. 615 22$aHematology. 615 7$aHematological oncology. 615 7$aHematology. 615 7$aOncology. 615 7$aStem cells$xResearch. 712 02$aD?nishg?h-i ?Ul?m-i Pizishk?-i Tihr?n.$bHematology-Oncology and Stem Cell Transplantation Research. 906 $aJOURNAL 912 $a996362449703316 996 $aInternational journal of hematology-oncology and stem cell research$91974825 997 $aUNISA